<An> Introduction to behavioural accounting: a historical development of the "homo economicus" concept and its role in US GAAP

Behaviorálne účtovníctvo: vysvetlenie a predpovedanie vývoja a rozhodovacieho procesu jeho tvorcov, užívateľov a tiež koordinátorov. Homo economicus ako jedinec schopný optimálne vyhodnotiť neobmedzené informácie, a tým ovplyvniť priebeh účtovania. US GAAP a jeho regulácia na základem konceptu rozho...

Description complète

Enregistré dans:
Détails bibliographiques
Auteur principal: Rybka, Lukáš
Format: Chapitre de livre
Langue:anglais
Sujets:
Tags: Ajouter un tag
Pas de tags, Soyez le premier à ajouter un tag!

MARC

LEADER 00000nla a2200000 4500
001 0180643
005 20240502073102.0
041 0 |a eng 
044 |a SK 
245 1 0 |a <An> Introduction to behavioural accounting: a historical development of the "homo economicus" concept and its role in US GAAP  |c Lukáš Rybka 
520 |a Behaviorálne účtovníctvo: vysvetlenie a predpovedanie vývoja a rozhodovacieho procesu jeho tvorcov, užívateľov a tiež koordinátorov. Homo economicus ako jedinec schopný optimálne vyhodnotiť neobmedzené informácie, a tým ovplyvniť priebeh účtovania. US GAAP a jeho regulácia na základem konceptu rozhodovania homo economicus. 
610 2 0 |a behaviorizmus 
610 2 0 |a účtovanie 
610 2 0 |a rozhodovanie 
610 2 0 |a USA 
610 2 0 |a regulácia 
100 1 |a Rybka, Lukáš